000 00578nam a2200217 a 4500
001 0001-2046
003 ELIB.Books
008 190715 2010 eng
020 _a9879048196272
092 _a301.2
_bJac
100 _aJackson, Robert.
245 _aValues, Religions and Education in Changing Societies
260 _aNew York
_bSpringer
_c2010
300 _a156
_c24 Cm
650 _aReligious Education
856 _nKBTS Library
_uKBTS Elib
942 _2ddc
_cBK
990 _a1
998 _aEnglishbooks.elf
_ccat
_e2019-07-15
999 _c12046
_d12046